Pays contenant la lettre D - Statistiques

Statistiques générales
  • Ce quiz a été pris 1 754 fois
  • Le résultat moyen est 30 sur 43
Statistiques - réponses
Pays % Correct
Danemark
96%
Inde
84%
Djibouti
82%
Finlande
81%
Indonésie
81%
Irlande
81%
Islande
81%
Soudan
81%
Canada
80%
Dominique
79%
Andorre
78%
République Dominicaine
78%
Soudan du Sud
78%
Afrique du sud
77%
Corée du Sud
75%
Suède
75%
Madagascar
74%
Tadjikistan
72%
Corée du Nord
69%
Honduras
69%
Moldavie
68%
Nouvelle-Zélande
68%
Azerbaidjan
67%
Cambodge
66%
Jordanie
66%
Arabie saoudite
65%
Barbade
65%
Macédoine
65%
Tchad
65%
Fidji
64%
République Démocratique du Congo
64%
Rwanda
64%
Thaïlande
63%
Maldives
61%
Ouganda
61%
Bangladesh
58%
Grenade
58%
Burundi
56%
Côte d'Ivoire
55%
Antigua et Barbuda
53%
Salvador
53%
Saint-Vincent-et-les-Grenadines
50%
Swaziland
32%
Aucun quiz correspondant
Distribution des résultats
% des personnes avec chaque résultat
Percentile par nombre de réponses
Votre historique - résultats
Vous n’avez pas pris ce quiz